000
00303nam a22001337a 4500
008
190305b xxu||||| |||| 00| 0 eng d
020
_a
9780618776122
041
_a
eng
080
_2
7th
_a
941
100
_a
18
101
_a
SHH
245
_a
The Brief American Pageant
_c
Kennedy,D.M
942
_2
udc
_c
BK
999
_c
54573
_d
54573